Ezechiel Paritius - nadworny malarz Piastów śląskich
| Titel: | Ezechiel Paritius - nadworny malarz Piastów śląskich / Adam Więcek |
|---|---|
| In: |
Biuletyn historii sztuki, Band 24 (1962), Seite 410-417 alle Artikel anzeigen |
| Veröffentlicht: | Warszawa : Polska Akademia Nauk Instytut Sztuki, 1962 |
| Umfang: | Illustrationen |
| Format: | Aufsatz |
| Sprache: | Polnisch | Vorliegende Ausgabe: | Online-Ausgabe Heidelberg: Universitätsbibliothek Heidelberg, 2018. |
X
alg: 47279668 001A $06055:21-11-20 001B $03025:30-03-26 $t18:26:59.000 001D $06055:21-11-20 001U $0utf8 001X $00 002@ $0Oox 002C $aText $btxt $2rdacontent 002D $aComputermedien $bc $2rdamedia 002E $aOnline-Ressource $bcr $2rdacarrier 003@ $0472796682 004P $010.11588/diglit.45620.55 $SV98 004U $0urn:nbn:de:bsz:16-diglit-456204 $SV98 007A $0472796682 $aHEB 007I $0HHB-1662589433 009Q $SV98 $uhttps://digi.ub.uni-heidelberg.de/diglit/bhs1962/0428 $xH 010@ $apol 011@ $a1962 011B $a2018 021A $aEzechiel Paritius - nadworny malarz Piastów śląskich $hAdam Więcek 031A $d24 $h410-417 $j1962 033A $pWarszawa $nPolska Akademia Nauk Instytut Sztuki 033N $pHeidelberg $nUniversitätsbibliothek Heidelberg 034M $aIllustrationen 037A $aElektronische Reproduktion der Druckausgabe 037G $aOnline-Ausgabe 039B $aEnthalten in $8--Obvc--. Biuletyn historii sztuki. - Warszawa : [Verlag nicht ermittelbar], 1950-2018. - DOI 10.11588/diglit.34474. - urn:nbn:de:bsz:16-diglit-344741 $x196200000240000590 $9403709342 044K $#Paritius, Ezechiel $#Pariss, Ezechiel $#Sykora, Ezechiel $71068921196 $8Sýkora, Ezechiel$Z1622-1671 [Tp1] $9357321693 045F $a709.438509032 $eDDC23BSB 045F/01 $a709 045F/03 $f09032 045F/03 $g4385 045T $aKUNST $qDE-16 $2FID lok: 47279668 3 exp: 47279668 3 1 #EPN 201B/01 $026-11-20 $t09:23:16.646 201C/01 $026-11-20 201U/01 $0utf8 203@/01 $01131317416 204P/01 $010.11588/diglit.45620.55 $SV98 208@/01 $a26-11-20 $bl lok: 47279668 78 exp: 47279668 78 1 #EPN 201B/01 $024-02-25 $t16:37:54.000 201C/01 $024-02-25 201U/01 $0utf8 203@/01 $01294088130 208@/01 $a24-02-25 $be 209A/01 $a/ $f000 $x00 209A/01 $ab*p $x01 220C/01 $aeja 244Z/01 $#Schlesien $#Schlesien $#Herzogtum Schlesien $#Herzogtum Schlesien Schlesien $#Provinz Schlesien $#Śla̜sk $#Slezsko $#Silesia $74052678-1 $8--Tg1--Schlesien $x02 $9085146781 247C/01 $82080>Marburg/Lahn, Herder-Institut, Forschungsbibliothek, Bibliographieportal $9336309341
| LEADER | 00000caa a22000002c 4500 | ||
|---|---|---|---|
| 001 | 472796682 | ||
| 003 | DE-603 | ||
| 005 | 20260330182659.0 | ||
| 007 | cr|||||||||||| | ||
| 008 | 201121s1962 xx |||| o| u00||u|pol c | ||
| 024 | 7 | |a 10.11588/diglit.45620.55 |2 doi | |
| 024 | 7 | |a urn:nbn:de:bsz:16-diglit-456204 |2 urn | |
| 035 | |a (DE-599)HEB472796682 | ||
| 040 | |a DE-603 |b ger |c DE-603 |d DE-603 | ||
| 041 | |a pol | ||
| 082 | 0 | 4 | |8 1\u |a 709.438509032 |q DE-101 |2 23/BSB |
| 084 | |a KUNST |q DE-16 |2 fid | ||
| 085 | |8 1\u |b 709 | ||
| 085 | |8 1\u |z 1 |s 09032 | ||
| 085 | |8 1\u |z 2 |s 4385 | ||
| 245 | 0 | 0 | |a Ezechiel Paritius - nadworny malarz Piastów śląskich |c Adam Więcek |
| 264 | 1 | |a Warszawa |b Polska Akademia Nauk Instytut Sztuki |c 1962 | |
| 300 | |b Illustrationen | ||
| 336 | |a Text |b txt |2 rdacontent | ||
| 337 | |a Computermedien |b c |2 rdamedia | ||
| 338 | |a Online-Ressource |b cr |2 rdacarrier | ||
| 500 | |a Elektronische Reproduktion der Druckausgabe | ||
| 530 | |a Online-Ausgabe | ||
| 533 | |b Heidelberg |c Universitätsbibliothek Heidelberg |d 2018 |7 s2018uuuuxx u| | ||
| 600 | 1 | 7 | |a Sýkora, Ezechiel |d 1622-1671 |0 (DE-588)1068921196 |0 (DE-603)357321693 |2 gnd |
| 773 | 0 | 8 | |i Enthalten in |t Biuletyn historii sztuki |d Warszawa : [Verlag nicht ermittelbar], 1950-2018 |o 10.11588/diglit.34474 |o urn:nbn:de:bsz:16-diglit-344741 |g Band 24 (1962), Seite 410-417 |w (DE-603)403709342 |w (DE-600)2895336-8 |
| 856 | |u https://digi.ub.uni-heidelberg.de/diglit/bhs1962/0428 |x Verlag | ||
| 924 | 1 | |9 603 |a (DE-603)1131317416 |b DE-603 |c HES |d d | |
| 924 | 1 | |9 2080 |a (DE-603)1294088130 |b DE-2080 |c HES |d d |g / | |


